| 000 | 00575nam a22002052 4500 | ||
|---|---|---|---|
| 001 | 0000018432 | ||
| 005 | 20151217145903.0 | ||
| 008 | 091028s xx 000 0 eng d | ||
| 020 | _a0205494846 : | ||
| 040 |
_aKABU _cKABU |
||
| 100 | 1 |
_aBerk, Laura E. _@0000160464 |
|
| 245 | 1 | 0 |
_aDevelopment through the lifespan / _cLaura E. Berk. |
| 250 | _a4th ed. | ||
| 260 |
_aBoston : _bPearson, _c2007. |
||
| 300 | _axxix, 661 p. | ||
| 650 | 0 |
_aDevelopmental psychology. _@0000148104 |
|
| 908 | _a091028 | ||
| 950 | _@1 | ||
| 999 |
_c3740 _d3740 |
||